000 00725nam a2200289Ia 4500
005 20260324113939.0
008 008 260324s9999 xx 000 0 eng d
020 _a9781003381624
037 _aEBOOK
040 _aCRL
040 _beng
040 _cCRL
041 _2eng
041 _aeng
084 _qCRL
100 _aGautam Mahajan
_91148809
245 0 _aCreating Value for Leaders
245 0 _bBalancing the Interests of Customers, Employees, Investors, and the Marketplace
260 _bTaylor and Francis
260 _c2023
365 _a
365 _b220
856 _uhttp://www.taylorfrancis.com/books/9781003381624
942 _cEBOOK
999 _c1738730
_d1738730